| 000 | 00757cab a2200265 4500 | ||
|---|---|---|---|
| 001 | ABS53058 | ||
| 008 | 090401t1995 xxu||||| |||| 00| 0 eng d | ||
| 035 | _a(Sirsi) u1642 | ||
| 041 | _aeng | ||
| 100 | _aKnight, M. | ||
| 245 | _aRights of way: the do`s and don`ts | ||
| 260 | _c1995 | ||
| 350 | _a0 | ||
| 490 |
_aFarmers' Weekly _v122(23) 9 June 1995, 78-79(2) |
||
| 520 | _aExamines farmers rights and responsibilities in light of increased pressure on access to footpaths and other rights of way. | ||
| 650 | _aBRIDLEWAYS | ||
| 650 | _aFOOTPATHS | ||
| 650 | _aLIABILITY | ||
| 650 | _aPUBLIC ACCESS | ||
| 650 | _aRIGHTS OF WAY | ||
| 650 | _aTRESPASS | ||
| 690 | _aHIGHWAYS RIGHTS OF WAY AND EASEMENTS | ||
| 942 | _n0 | ||
| 948 | _c04/03/1997 | ||
| 999 |
_c935 _d935 |
||